[Event "AZE-ch"]
[Site "Baku"]
[Date "1996.??.??"]
[Round "?"]
[White "Zulfugarli, Magomed"]
[Black "Sideif Sade, Fikret I"]
[Result "1-0"]
[WhiteElo "2325"]
[BlackElo "2425"]

1.e4 e5 2.Nf3 Nc6 3.Bb5 a6 4.Ba4 Nf6 5.O-O Be7 6.Re1 b5 7.Bb3 d6 8.c3 O-O
9.h3 Nb8 10.d4 Nbd7 11.a4 Bb7 12.Nbd2 c5 13.d5 c4 14.Bc2 g6 15.Nf1 Nh5 16.Bh6 Re8
17.Qd2 Bf8 18.Bg5 Be7 19.Be3 Qc7 20.Ng3 Nxg3 21.fxg3 Nc5 22.a5 Bc8 23.g4 Bd7
24.Rf1 f6 25.Qf2 Rf8 26.Bh6 Rfe8 27.g5 f5 28.exf5 gxf5 29.Nh4 f4 30.Qe2 Nd3
31.Qh5 Bf8 32.g6 Bxh6 33.gxh7+ Kxh7 34.Qg6+ Kh8 35.Qxh6+ Kg8 36.Qg6+ Kh8
37.Qf7 Rg8 38.Bxd3 cxd3 39.Qh5+ Kg7 40.Qg6+ Kf8 41.Rxf4+  1-0

[Event "Balatonbereny op"]
[Site "Balatonbereny"]
[Date "1996.??.??"]
[Round "9"]
[White "Szalanczy, Emil"]
[Black "Acs, Peter"]
[Result "0-1"]
[WhiteElo "2415"]
[BlackElo "2440"]

1.e4 e5 2.Nf3 Nc6 3.Bb5 a6 4.Ba4 Nf6 5.O-O Be7 6.Re1 b5 7.Bb3 O-O 8.c3 d6
9.h3 Nb8 10.d4 Nbd7 11.Nbd2 Bb7 12.Bc2 Re8 13.Nf1 Bf8 14.Ng3 g6 15.d5 c6
16.dxc6 Bxc6 17.Bb3 Nc5 18.Bg5 Nxb3 19.Qxb3 h6 20.Bxf6 Qxf6 21.Nh2 h5 22.Nhf1 h4
23.Nh1 Qe6 24.Qxe6 Rxe6 25.f3 d5 26.exd5 Bxd5 27.Ne3 Bc6 28.Rad1 f5 29.Nf2 Kf7
30.Kf1 Rd6 31.Nd3 Re8 32.Nc2 e4 33.Ndb4 Bb7 34.Nd4 Red8 35.fxe4 Rxd4 36.Rxd4 Rxd4
37.cxd4 Bxb4 38.Rc1 Bxe4 39.Rc7+ Ke6 40.Ra7 Bd6 41.Rxa6 b4 42.Kg1 g5 43.a4 g4
44.a5 gxh3 45.gxh3 f4 46.Rb6 f3 47.a6 Ke7 48.Kf2 Bg3+ 49.Ke3 f2 50.a7 Bd5  0-1

[Event "Budapest FS03 GM"]
[Site "Budapest"]
[Date "1996.??.??"]
[Round "1"]
[White "Tolnai, Tibor"]
[Black "Lukacs, Peter"]
[Result "1/2-1/2"]
[WhiteElo "2450"]
[BlackElo "2440"]

1.e4 e5 2.Nf3 Nc6 3.Bb5 a6 4.Ba4 Nf6 5.O-O Be7 6.Re1 b5 7.Bb3 d6 8.c3 O-O
9.h3 Nb8 10.d4 Nbd7 11.Nbd2 Bb7 12.Bc2 Re8 13.Nf1 Bf8 14.Ng3 g6 15.a4 c5
16.d5 c4 17.Bg5 h6 18.Be3 Qc7 19.Qd2 h5 20.Bg5 Be7 21.Be3 Bf8 22.Bg5 Be7  1/2-1/2

[Event "Budapest FS07 GM"]
[Site "Budapest"]
[Date "1996.??.??"]
[Round "4"]
[White "Varga, Zoltan"]
[Black "Lukacs, Peter"]
[Result "1/2-1/2"]
[WhiteElo "2450"]
[BlackElo "2475"]

1.e4 e5 2.Nf3 Nc6 3.Bb5 a6 4.Ba4 Nf6 5.O-O Be7 6.Re1 b5 7.Bb3 d6 8.c3 O-O
9.h3 Nb8 10.d4 Nbd7 11.Nbd2 Bb7 12.Bc2 c5 13.d5 g6 14.Nf1 Nh5 15.Bh6 Re8
16.Qd2 Bf6  1/2-1/2

[Event "Budapest FS04 GM"]
[Site "Budapest"]
[Date "1996.??.??"]
[Round "7"]
[White "Acs, Peter"]
[Black "Lukacs, Peter"]
[Result "1/2-1/2"]
[WhiteElo "2440"]
[BlackElo "2440"]

1.e4 e5 2.Nf3 Nc6 3.Bb5 a6 4.Ba4 Nf6 5.O-O Be7 6.Re1 b5 7.Bb3 d6 8.c3 O-O
9.h3 Nb8 10.d4 Nbd7 11.Nbd2 Bb7 12.Bc2 Re8 13.a4 Bf8 14.Bd3 c6 15.b3 g6 16.Qc2 Nh5
17.Bb2 Rc8 18.Bf1 Qb6 19.Rab1 exd4 20.cxd4 d5 21.e5 c5 22.axb5 axb5 23.b4 cxb4
24.Qd3 Rc4 25.Qe3 Ng7 26.Bd3 f6 27.Nb3 Bc8 28.Nh2 fxe5 29.Ng4 Nf5 30.Bxf5 gxf5
31.Qg5+ Qg6 32.Qxg6+ hxg6 33.Nxe5 Nxe5 34.dxe5 f4 35.Rbd1 f3 36.g4 Bxg4 37.hxg4 Rxg4+
38.Kf1 Rh4 39.Kg1 Rg4+ 40.Kf1 Rh4  1/2-1/2

[Event "Budapest FS09 GM"]
[Site "Budapest"]
[Date "1996.??.??"]
[Round "8"]
[White "Aagaard, Jacob"]
[Black "Acs, Peter"]
[Result "1/2-1/2"]
[WhiteElo "2370"]
[BlackElo "2410"]

1.e4 e5 2.Nf3 Nc6 3.Bb5 a6 4.Ba4 Nf6 5.O-O Be7 6.Re1 b5 7.Bb3 d6 8.c3 O-O
9.h3 Nb8 10.d4 Nbd7 11.Nbd2 Bb7 12.Bc2 Re8 13.Nf1 Bf8 14.Ng3 g6 15.Bg5 h6
16.Bd2 Bg7 17.a4 c5 18.d5 c4 19.b4 cxb3 20.Bxb3  1/2-1/2

[Event "Budapest FS04 GM"]
[Site "Budapest"]
[Date "1996.??.??"]
[Round "10"]
[White "Cao Sang"]
[Black "Acs, Peter"]
[Result "1/2-1/2"]
[WhiteElo "2455"]
[BlackElo "2440"]

1.e4 e5 2.Nf3 Nc6 3.Bb5 a6 4.Ba4 Nf6 5.O-O Be7 6.Re1 b5 7.Bb3 d6 8.c3 O-O
9.h3 Nb8 10.d4 Nbd7 11.Nbd2 Bb7 12.Bc2 Re8 13.Nf1 Bf8 14.Ng3 g6 15.b3 Bg7
16.Bb2 d5 17.dxe5 Nxe4 18.Nxe4 dxe4 19.Bxe4 Bxe4 20.Rxe4 Nxe5 21.Nxe5 Rxe5
22.Rxe5 Qxd1+ 23.Rxd1 Bxe5 24.Rd2 Re8 25.Kf1 Re6 26.c4 Bxb2 27.Rxb2 bxc4
28.bxc4 Rc6  1/2-1/2

[Event "Budapest FS02 GM"]
[Site "Budapest"]
[Date "1996.??.??"]
[Round "12"]
[White "Cao Sang"]
[Black "Lukacs, Peter"]
[Result "1/2-1/2"]
[WhiteElo "2455"]
[BlackElo "2440"]

1.e4 e5 2.Nf3 Nc6 3.Bb5 a6 4.Ba4 Nf6 5.O-O Be7 6.Re1 b5 7.Bb3 O-O 8.c3 d6
9.h3 Nb8 10.d4 Nbd7 11.Nbd2 Bb7 12.dxe5 dxe5 13.Bc2 c5 14.Nf1 Re8 15.Ng3 g6
16.Bh6 Bf8 17.Qc1 Bxh6 18.Qxh6 Qe7 19.Rad1 Rad8 20.Qg5 Kh8 21.Rd2 Qf8 22.Red1 Re6
23.Qe3 h6 24.a4 Bc6 25.axb5 axb5 26.Nh2 Ra8 27.Ng4 Nxg4 28.hxg4 Nf6 29.f3 Ng8
30.Nf1 Kg7 31.Qf2 c4 32.Ne3 Nf6 33.Bb1 Rc8 34.Kh2 Ree8 35.Rd6 Red8 36.Qd2 Rxd6
37.Qxd6 Qxd6 38.Rxd6 Ne8 39.Rd1 Nc7 40.Kg3 Ne6 41.Kf2 Rd8 42.Rxd8 Nxd8  1/2-1/2

[Event "Ceske Budejovice op"]
[Site "Ceske Budejovice"]
[Date "1996.??.??"]
[Round "6"]
[White "Adamek, Zdenek"]
[Black "Soukal, Rudolf"]
[Result "0-1"]
[WhiteElo "2120"]
[BlackElo "2275"]

1.e4 e5 2.Nf3 Nc6 3.Bb5 a6 4.Ba4 Nf6 5.O-O Be7 6.Re1 b5 7.Bb3 d6 8.c3 O-O
9.h3 Nb8 10.d4 Nbd7 11.Nbd2 Bb7 12.Bc2 Re8 13.Nf1 Bf8 14.Ng3 g6 15.a4 Bg7
16.b3 d5 17.axb5 axb5 18.Rxa8 Qxa8 19.dxe5 Nxe4 20.Nxe4 dxe4 21.Ng5 Nxe5
22.Bxe4 Rd8 23.Qe2 Bxe4 24.Nxe4 Nd3 25.Bg5 Nxe1 26.Bxd8 Qxd8 27.Qxe1 Qe7
28.Kf1 f5 29.Ng3 Qxe1+ 30.Kxe1 Bxc3+ 31.Ke2 Kf7 32.Kd3 Be1 33.Ke2 Bb4 34.Kd3 Ke6
35.Ne2 c5 36.Nf4+ Ke5 37.Ne2 Be1 38.f3 g5 39.Nc1 Kd5 40.Ne2 h5 41.h4 c4+
42.bxc4+ bxc4+ 43.Kc2 g4 44.Nf4+ Kd4 45.fxg4 hxg4 46.h5 Bh4 47.h6 Bf6 48.Nh5 Be5
49.h7 Ke3 50.g3 Ba1 51.Nf4 Kf3 52.Nh5 f4 53.gxf4 g3 54.f5 g2 55.f6 g1=Q 56.h8=Q Qf2+
57.Kd1 Qd4+ 58.Kc2 Qb2+ 59.Kd1 Qb1+  0-1

[Event "HUN-chT1 9596"]
[Site "HUN"]
[Date "1996.??.??"]
[Round "9"]
[White "Feher, Gyula"]
[Black "Gazik, Igor"]
[Result "1-0"]
[WhiteElo "2420"]
[BlackElo "2400"]

1.e4 e5 2.Nf3 Nc6 3.Bb5 a6 4.Ba4 Nf6 5.O-O Be7 6.Re1 b5 7.Bb3 O-O 8.c3 d6
9.h3 Nb8 10.d4 Nbd7 11.Nbd2 Bb7 12.Bc2 Re8 13.b3 d5 14.Nxe5 Nxe5 15.dxe5 Nxe4
16.Nxe4 dxe4 17.Qg4 b4 18.Bxe4 Bxe4 19.Qxe4 bxc3 20.Qc4 Rb8 21.Be3 c6 22.Red1 Qa5
23.Bd4 Bb4 24.a3 Bxa3 25.Bxc3 Qc5 26.Rd7 Qxc4 27.bxc4 Rb3 28.e6 f6 29.Bd4 Rxe6
30.Ra7 c5 31.Be3 Reb6 32.Kh2 Rd3 33.Re1 Re6 34.Rb1 Bb4 35.Bxc5 Bxc5 36.Rb8+ Bf8
37.Raa8 h5 38.Rxf8+ Kh7 39.Ra7 Rd4 40.Rff7 Rxc4 41.Rxg7+ Kh6 42.Rh7+ Kg6
43.Rag7+ Kf5 44.Rxh5+ Ke4 45.Rd7 Rcc6 46.Rh4+ Ke5 47.Ra4 Red6 48.Rh7 Rd5
49.Rhh4 Kd6 50.Rhf4 Kc7 51.g4 a5 52.h4 Kb6 53.Kg3 Kb5 54.Ra1 Kb6 55.h5 Kc7
56.h6 Ra6 57.h7 Rd8 58.Rf5 a4 59.Rc5+ Kb6 60.Rd5 Rh8 61.Rd6+ Ka7 62.Rxa6+ Kxa6
63.Rxa4+ Kb7 64.Rf4 Rxh7 65.Rxf6 Kc7 66.Re6 Kd7 67.Re1  1-0

[Event "Leon University tt (Women)"]
[Site "Leon"]
[Date "1996.??.??"]
[Round "3"]
[White "Wang Pin"]
[Black "Trabert, Bettina"]
[Result "1-0"]
[WhiteElo "2345"]
[BlackElo "2225"]

1.e4 e5 2.Nf3 Nc6 3.Bb5 a6 4.Ba4 Nf6 5.O-O Be7 6.Re1 b5 7.Bb3 d6 8.c3 O-O
9.h3 Nb8 10.d4 Nbd7 11.Nbd2 Bb7 12.Bc2 Re8 13.Nf1 Bf8 14.Ng3 g6 15.a4 c5
16.d5 c4 17.Bg5 h6 18.Be3 Qc7 19.Qd2 Kh7 20.Nh2 Nc5 21.Ng4 Ng8 22.f4 h5 23.Nh2 h4
24.Nh1 exf4 25.Bxf4 bxa4 26.Qf2 Qd8 27.Be3 Qf6 28.Bxc5 dxc5 29.Bxa4 Qxf2+
30.Nxf2 Red8 31.Nf3 Be7 32.Ne5 f5 33.Nc6 Bxc6 34.Bxc6 Rab8 35.e5 Rxb2 36.Nd1 Rc2
37.d6 Bg5 38.Bd5 Bd2 39.Re2 Bxc3 40.Nxc3 Rxc3 41.Bxg8+ Kxg8 42.e6 Rd3 43.d7 c3
44.e7 R3xd7 45.exd8=Q+ Rxd8 46.Rc2  1-0

[Event "Anibal op 3rd"]
[Site "Linares"]
[Date "1996.??.??"]
[Round "?"]
[White "Agnos, Demetrios"]
[Black "Hjartarson, Johann"]
[Result "1/2-1/2"]
[WhiteElo "2460"]
[BlackElo "2570"]

1.e4 e5 2.Nf3 Nc6 3.Bb5 a6 4.Ba4 Nf6 5.O-O Be7 6.Re1 b5 7.Bb3 O-O 8.c3 d6
9.h3 Nb8 10.d4 Nbd7 11.Nbd2 Bb7 12.Bc2 Re8 13.Nf1 Bf8 14.Ng3 g6 15.a4 c5
16.d5 c4 17.Bg5 h6 18.Be3 Nc5 19.Qd2 h5 20.Bg5 Be7 21.Bh6 Nh7 22.Ra3 Rb8
23.axb5 axb5 24.Rea1 Ra8 25.Rxa8 Bxa8 26.Nf1 Bb7 27.Qe3 Qc7 28.N1d2 Ra8 29.Rxa8+ Bxa8
30.Ne1 Bd8 31.f4 Qa7 32.Kf1 Qe7 33.Qg3 Bb7 34.Nef3 Nd7 35.b3 exf4 36.Qxf4 cxb3
37.Nxb3 Ne5 38.Nbd4 Ba6 39.Kg1 Qc7 40.Qe3 Nxf3+ 41.Qxf3 Qc5 42.Qd3 Ba5 43.Bd2 Nf8
44.Kh2 Bb6 45.Be3 Qa3 46.Qd2 Qb2 47.Bd3 Qxd2 48.Bxd2 Nd7 49.Nc6 Nc5 50.Bc2 Kf8
51.Kg3 Ke8 52.Kf3 Nd7 53.Bd3  1/2-1/2

[Event "Anibal op 3rd"]
[Site "Linares"]
[Date "1996.??.??"]
[Round "?"]
[White "Barua, Dibyendu"]
[Black "Giorgadze, Giorgi"]
[Result "1/2-1/2"]
[WhiteElo "2520"]
[BlackElo "2590"]

1.e4 e5 2.Nf3 Nc6 3.Bb5 a6 4.Ba4 Nf6 5.O-O Be7 6.Re1 b5 7.Bb3 O-O 8.c3 d6
9.h3 Nb8 10.d4 Nbd7 11.Nbd2 Bb7 12.Bc2 Re8 13.b3 Bf8 14.Bb2 g6 15.a4 c6 16.Bd3 Qb6
17.Qc2 Nh5 18.Bf1 exd4 19.cxd4 d5 20.exd5 cxd5 21.axb5 axb5 22.Qd3 Rxe1  1/2-1/2

[Event "Lippstadt"]
[Site "Lippstadt"]
[Date "1996.??.??"]
[Round "3"]
[White "Luther, Thomas"]
[Black "Pedzich, Dominik"]
[Result "1-0"]
[WhiteElo "2495"]
[BlackElo "2445"]

1.e4 e5 2.Nf3 Nc6 3.Bb5 a6 4.Ba4 Nf6 5.O-O Be7 6.Re1 b5 7.Bb3 d6 8.c3 O-O
9.h3 Nb8 10.d4 Nbd7 11.Nbd2 Bb7 12.Bc2 Re8 13.a4 Bf8 14.Bd3 c6 15.b3 g6 16.Bb2 Bg7
17.Qc2 Nh5 18.Bf1 Rc8 19.Rad1 Qb6 20.Qb1 Rb8 21.Qa2 Nf4 22.b4 d5 23.dxe5 Nxe5
24.Nxe5 Bxe5 25.Nf3 Bg7 26.Bc1 Qc7 27.axb5 axb5 28.Qa5 Qxa5 29.bxa5 Nh5 30.exd5 Rxe1
31.Rxe1 Bxc3 32.Bd2 Bxd2 33.Nxd2 Rd8 34.Re7 Ba8 35.dxc6 Bxc6 36.Rc7 Rxd2
37.Rxc6 Ra2 38.a6 Ra1 39.g3 Kg7 40.Kg2 b4 41.Rb6 Ra4 42.Bb5 Ra3 43.Bc4 Ra4
44.Bb3 Ra3 45.Bc4 Ra4 46.Rb7 b3 47.Bf1 Ra3 48.Bc4 Ra4 49.Rxf7+ Kh6 50.Bxb3 Rxa6
51.g4 Rb6 52.Bc4 Rc6 53.f4 g5 54.fxg5+ Kg6 55.gxh5+ Kxg5 56.Be2 h6 57.Kg3 Rc3+
58.Bf3  1-0

[Event "Makarska"]
[Site "Makarska"]
[Date "1996.??.??"]
[Round "9"]
[White "Palac, Mladen"]
[Black "Gabriel, Christian"]
[Result "1/2-1/2"]
[WhiteElo "2545"]
[BlackElo "2510"]

1.e4 e5 2.Nf3 Nc6 3.Bb5 a6 4.Ba4 Nf6 5.O-O Be7 6.Re1 b5 7.Bb3 d6 8.c3 O-O
9.h3 Nb8 10.d4 Nbd7 11.Nbd2 Bb7 12.Bc2 Re8 13.a4 Bf8 14.Bd3 c6 15.b3 g6 16.Qc2 Rc8
17.Bb2 Qc7 18.Rad1 Bg7 19.Ba1  1/2-1/2

[Event "Manresa op"]
[Site "Manresa"]
[Date "1996.??.??"]
[Round "4"]
[White "Korneev, Oleg"]
[Black "Alonso, Salvador"]
[Result "1-0"]
[WhiteElo "2565"]
[BlackElo "2280"]

1.e4 e5 2.Nf3 Nc6 3.Bb5 a6 4.Ba4 Nf6 5.O-O Be7 6.Re1 b5 7.Bb3 d6 8.c3 O-O
9.h3 Nb8 10.d4 Nbd7 11.Nbd2 Bb7 12.Bc2 Re8 13.a4 Bf8 14.Bd3 c6 15.b3 Qc7
16.Bb2 g6 17.Qc2 Nh5 18.c4 b4 19.c5 exd4 20.cxd6 Bxd6 21.Bxd4 c5 22.Bb2 Ne5
23.Bc4 Nxc4 24.Nxc4 Bf8 25.Nfe5 Bg7 26.Ng4 Re6 27.Bxg7 Nxg7 28.Qb2 Qe7 29.Rad1 f5
30.Nh6+ Kf8 31.f3 Rd8 32.Qf2 Rxd1 33.Rxd1 fxe4 34.fxe4+ Rf6 35.Qg3 Bxe4 36.Ng4 Re6
37.Nge5 Nf5 38.Qf4 Bc6 39.g4 Qh4 40.Nxc6 Rxc6 41.Qb8+ Kg7 42.gxf5 Rf6 43.Ne3 gxf5
44.Qe5 Kg6 45.Nd5 Rf7 46.Rd2  1-0

[Event "Wch U20"]
[Site "Medellin"]
[Date "1996.??.??"]
[Round "4"]
[White "Kalod, Radek"]
[Black "Gyimesi, Zoltan"]
[Result "1/2-1/2"]
[WhiteElo "2380"]
[BlackElo "2480"]

1.e4 e5 2.Nf3 Nc6 3.Bb5 a6 4.Ba4 Nf6 5.O-O Be7 6.Re1 b5 7.Bb3 d6 8.c3 O-O
9.h3 Nb8 10.d4 Nbd7 11.Nbd2 Bb7 12.Bc2 Re8 13.b3 Bf8 14.Bb2 g6 15.a4 Bg7
16.Bd3 c6 17.Qc2 Rc8 18.Qb1 Qb6 19.b4 Nh5 20.axb5 axb5 21.Ra5 Nf4 22.Bf1 Rcd8
23.g3 Ne6 24.d5 Nc7 25.c4 cxd5 26.cxd5 Rf8 27.Bc1 Ba8 28.Nb3 f5 29.Be3 Qb8
30.Ng5 Nf6 31.f3 Rde8 32.Rc1 fxe4 33.fxe4 h6 34.Ra7 Rc8 35.Ne6 Nxe6 36.dxe6 Nxe4
37.Bg2 Rxc1+ 38.Nxc1 d5 39.e7 Re8 40.Bxe4 dxe4 41.Qa2+ Kh7 42.Qf7 Bc6 43.Nb3 Qd6
44.Nc5 Qd1+ 45.Kf2 Bd5 46.Qxe8 Qf3+ 47.Ke1 Qxe3+ 48.Kd1 Qd4+ 49.Kc2 Qc4+
50.Kd1 Qf1+ 51.Kc2 Qe2+ 52.Kc1 Qf1+ 53.Kc2 Qf2+ 54.Kc1 Qe3+ 55.Kc2 Qe2+ 56.Kc1 Qc4+
57.Kd1 Qf1+ 58.Kc2  1/2-1/2

[Event "Wch U18"]
[Site "Menorca"]
[Date "1996.??.??"]
[Round "3"]
[White "Krakops, Maris"]
[Black "Socko, Bartosz"]
[Result "1-0"]
[WhiteElo "2440"]
[BlackElo "2445"]

1.e4 e5 2.Nf3 Nc6 3.Bb5 a6 4.Ba4 Nf6 5.O-O Be7 6.Re1 b5 7.Bb3 d6 8.c3 O-O
9.h3 Nb8 10.d4 Nbd7 11.Nbd2 Bb7 12.Bc2 Re8 13.a4 Bf8 14.Bd3 c6 15.b3 g6 16.Qc2 Qb6
17.Bb2 exd4 18.cxd4 d5 19.e5 Nh5 20.e6 Rxe6 21.Rxe6 fxe6 22.Bxg6 Nhf6 23.Ng5 hxg6
24.Qxg6+ Bg7 25.Nxe6 Ne8 26.Nf3 c5 27.Nfg5 Nf8 28.Qf7+ Kh8 29.dxc5  1-0

[Event "Mondariz op"]
[Site "Mondariz"]
[Date "1996.??.??"]
[Round "?"]
[White "Rodriguez, Rafael"]
[Black "Miguel, Victor"]
[Result "1/2-1/2"]
[WhiteElo "2410"]
[BlackElo "2290"]

1.e4 e5 2.Nf3 Nc6 3.Bb5 a6 4.Ba4 Nf6 5.O-O Be7 6.Re1 b5 7.Bb3 O-O 8.c3 d6
9.h3 Nb8 10.d4 Nbd7 11.Nbd2 Bb7 12.Bc2 Re8 13.a4 Bf8 14.Bd3 c6 15.b3 g6 16.Bb2 Bg7
17.Qc2 Rc8 18.c4 exd4 19.Bxd4 Ne5 20.Nxe5 dxe5 21.Be3 Nd7 22.Red1 Qe7 23.Rac1 Nf8
24.Qa2 Red8 25.Be2 bxa4 26.b4 Ne6 27.c5 Nd4 28.Bc4 Kh8 29.Re1 Rc7 30.Qxa4 f5
31.f4 g5 32.fxg5 f4 33.Bxd4 exd4 34.Nf3 d3 35.Rcd1 Rcd7 36.Qb3 a5 37.e5 axb4
38.Qxb4 Bf8 39.e6 Qxc5+ 40.Qxc5 Bxc5+ 41.Kh1 Re7 42.Rxd3 Rxd3 43.Bxd3 Be3
44.Rb1 c5 45.Bc4 Kg7 46.Ne5  1/2-1/2

[Event "Moscow-ch"]
[Site "Moscow"]
[Date "1996.??.??"]
[Round "8"]
[White "Fedorov, Vladislav"]
[Black "Notkin, Maksim"]
[Result "1/2-1/2"]
[WhiteElo "2430"]
[BlackElo "2520"]

1.e4 e5 2.Nf3 Nc6 3.Bb5 a6 4.Ba4 Nf6 5.O-O Be7 6.Re1 b5 7.Bb3 d6 8.c3 O-O
9.h3 Nb8 10.d4 Nbd7 11.Nbd2 Bb7 12.a4 c5 13.Bc2 Re8 14.Nf1 Bf8 15.Ng3 g6
16.dxe5 dxe5 17.Nh2 h5 18.Qf3 c4 19.Rd1 Qc7 20.Nhf1 Bg7 21.Ne3 h4 22.Ngf5 gxf5
23.Nxf5 Re6 24.axb5 axb5 25.Rxa8+ Bxa8 26.Bg5 Nf8 27.Bxh4 Bc6 28.Bg5 Ng6
29.Bxf6 Bxf6 30.Qg4 Kf8 31.Qh5 Ne7 32.Nh6 Ng8 33.Nf5 Ne7 34.Nh6 Be8 35.Ra1 Bg7
36.Ng4 Rd6 37.Qg5 Ng6 38.g3 Qd8 39.Qh5 Rd2 40.Ne3 Qf6 41.Qf5 Qxf5 42.exf5 Ne7
43.Be4 Rxb2 44.Ra6 f6 45.Ra8 Bh6 46.Ng4 Bg7 47.Ne3 Bh6 48.Ng4 Bg7  1/2-1/2

[Event "POL-ch"]
[Site "Poland"]
[Date "1996.??.??"]
[Round "14"]
[White "Gdanski, Jacek"]
[Black "Bobras, Piotr"]
[Result "1/2-1/2"]
[WhiteElo "2480"]
[BlackElo "2355"]

1.e4 e5 2.Nf3 Nc6 3.Bb5 a6 4.Ba4 Nf6 5.O-O Be7 6.Re1 b5 7.Bb3 d6 8.c3 O-O
9.h3 Nb8 10.d4 Nbd7 11.c4 c6 12.Nc3 b4 13.Nb1 Bb7 14.c5 Qc7 15.cxd6 Bxd6
16.Bg5 c5 17.dxc5 Bxc5 18.Nbd2 h6 19.Bxf6 Nxf6 20.Rc1 Rfd8 21.Qe2 Rac8 22.g4 Qe7
23.Bc4 a5 24.Rc2 Nh7 25.Rec1 Nf8 26.Ba6 Ne6 27.Qb5 Bxa6 28.Qxa6 Ra8 29.Qb5 Bd4
30.Nb3 Qf6 31.Nbxd4 Nxd4 32.Nxd4 Rxd4 33.Qc6 Qxc6 34.Rxc6 Rxe4 35.Rc8+ Rxc8
36.Rxc8+ Kh7 37.Ra8 h5 38.gxh5 Re2 39.Rxa5 Rxb2 40.Rxe5 Rxa2 41.Rb5 Rb2 42.Kg2 Kh6
43.Kg3 Rb3+ 44.Kg4 Rb1 45.Rb6+ Kh7 46.Kf5 b3 47.Kf4 b2 48.Rb8 f6  1/2-1/2

[Event "CZE-ch U18"]
[Site "Prague"]
[Date "1996.??.??"]
[Round "6"]
[White "Mezera, Lukas"]
[Black "Juptner, J."]
[Result "1/2-1/2"]
[WhiteElo "1770"]
[BlackElo "1850"]

1.e4 e5 2.Nf3 Nc6 3.Bb5 a6 4.Ba4 Nf6 5.O-O Be7 6.Re1 b5 7.Bb3 O-O 8.c3 d6
9.h3 Nb8 10.d4 Nbd7 11.Bc2 Bb7 12.Nbd2 Re8 13.Nf1 Bf8 14.Ng3 g6 15.Bg5 h6
16.Bd2 Bg7 17.Nh2 Nb6 18.dxe5 dxe5 19.Qc1 Kh7 20.Be3 Nc4 21.Bc5 Nd7 22.Rd1 Qc8
23.Be3 Nxe3 24.Qxe3 c5 25.Rd2 Nb6 26.b3 Qc7 27.Rad1 h5 28.Qe2 Bh6 29.Rd6 Rad8
30.Qf3 Bf4 31.Rxd8 Rxd8 32.Nhf1 c4 33.b4 Rxd1 34.Qxd1 Qd7 35.Qxd7 Nxd7 36.Ne2 Bh6
37.g3 Nf6 38.f3 h4 39.g4 a5 40.Kf2 axb4 41.cxb4 Bf8 42.a3 Ne8 43.Ne3 Nc7
44.f4 exf4 45.Nxf4 Kh6  1/2-1/2

[Event "CZE-ch U18"]
[Site "Prague"]
[Date "1996.??.??"]
[Round "8"]
[White "Domlatil, J."]
[Black "Juptner, J."]
[Result "0-1"]
[WhiteElo "1730"]
[BlackElo "1850"]

1.e4 e5 2.Nf3 Nc6 3.Bb5 a6 4.Ba4 Nf6 5.O-O Be7 6.Re1 b5 7.Bb3 d6 8.c3 O-O
9.h3 Nb8 10.d4 Nbd7 11.Nbd2 Bb7 12.Bc2 Re8 13.Nf1 Bf8 14.Ng3 g6 15.Bg5 h6
16.Bd2 Bg7 17.Qc1 Kh7 18.Nh2 exd4 19.cxd4 c5 20.d5 Nb6 21.b3 Nfd7 22.Rb1 c4
23.Ng4 Qh4 24.Qa3 c3 25.Be3 h5 26.Nh2 Qe7 27.f4 a5 28.Nf3 b4 29.Qc1 Kg8 30.h4 a4
31.bxa4 Nc4 32.Rxb4 Nxe3 33.Rxb7 Ng4 34.Bd3 Qd8 35.Bb5 Nc5 36.Bxe8 Nxb7 37.Qb1 Rb8
38.Bb5 Qb6+ 39.Kh1 Qf2 40.Nf1 Nc5 41.Qc1 Rxb5 42.axb5 Nd3 43.Qd1 Nxf4 44.Re2 Nxe2
45.Qe1 c2  0-1

[Event "Helma op"]
[Site "Pribram"]
[Date "1996.??.??"]
[Round "?"]
[White "Hercik, Josef"]
[Black "Svoboda"]
[Result "0-1"]
[WhiteElo "1890"]
[BlackElo "2235"]

1.e4 e5 2.Nf3 Nc6 3.Bb5 a6 4.Ba4 Nf6 5.O-O Be7 6.Re1 b5 7.Bb3 d6 8.h3 O-O
9.c3 Nb8 10.d4 Nbd7 11.Be3 Bb7 12.Nbd2 g6 13.Bh6 Nh5 14.Bxf8 Qxf8 15.Nf1 Bf6
16.d5 Nc5 17.Bc2 c6 18.Ne3 Nf4 19.b4 Nd7 20.Bb3 c5 21.Rc1 a5 22.bxa5 Rxa5
23.Qd2 c4 24.Bd1 Nd3 25.a4 bxa4 26.Nxc4 Nxe1 27.Nxa5 Nxf3+ 28.Bxf3 Ba6 29.Rb1 Qd8
30.Nc6 Qc7 31.Qb2 Nc5 32.Qa3 Kg7 33.g3 h5 34.Bg2 Bg5 35.h4 Bh6 36.Rb4 Bb7
37.Bf1 Bxc6 38.dxc6 Qxc6 39.Rc4 Qb6 40.Rb4 Qa7 41.Bb5 Bd2 42.Bxa4 Nd3 43.Qa1 Qxf2+
44.Kh1  0-1

[Event "EU-ch U16"]
[Site "Rimavska Sobota"]
[Date "1996.??.??"]
[Round "3"]
[White "Berescu, Alin"]
[Black "Acs, Peter"]
[Result "0-1"]
[WhiteElo "2335"]
[BlackElo "2410"]

1.e4 e5 2.Nf3 Nc6 3.Bb5 a6 4.Ba4 Nf6 5.O-O Be7 6.Re1 b5 7.Bb3 d6 8.c3 O-O
9.h3 Nb8 10.d4 Nbd7 11.Nbd2 Bb7 12.Bc2 Re8 13.Nf1 Bf8 14.Ng3 g6 15.a4 c5
16.d5 c4 17.Be3 Nc5 18.Nd2 Nfd7 19.Qe2 Qc7 20.Ra3 Bg7 21.Rea1 Nb6 22.axb5 axb5
23.b4 cxb3 24.Rxa8 Rxa8 25.Rxa8+ Bxa8 26.Nxb3 Nc4 27.Bxc5 dxc5 28.Bd3 Nd6
29.Qa2 Bb7 30.Na5 c4 31.Bc2 Bf6 32.Ne2 Bd8 33.Nxb7 Qxb7 34.Qa3 Qb6 35.Qa8 Kg7
36.g3 Bc7 37.Qa3 Bb8 38.Qc1 Ba7 39.Qe1 Qc5 40.Kg2 f5 41.g4 f4 42.Ng1 g5 43.Nf3 Nf7
44.Qd2 Kf6 45.Bb1 Nd6 46.Qb2 Bb6 47.Kf1 Nc8 48.Kg2 Ba7 49.Qa2 Qb6 50.Kf1 Nd6
51.Kg2 Nb7 52.Qd2 Qa6 53.h4 h6 54.hxg5+ hxg5 55.Qd1 Qb6 56.Qd2 Qc5 57.Qa2 Bb6
58.Qb2 Nd6 59.Ng1 Qc8 60.Kh3 Qh8+ 61.Kg2 Qh4 62.Qe2 Ke7 63.Qf3 Ne8 64.Bc2 Nf6
65.Bd1 Nxe4 66.Nh3 Nd6 67.Bc2 Kf6 68.Bb1 Qh8 69.Qe2 Qe8 70.f3 Be3 71.Qc2 e4
72.fxe4 Qe5 73.Kf3 Ke7 74.Qb2 Qh8 75.Qg2 Qxc3 76.Qc2 Qh8 77.Qg2 Nf7 78.Ng1 Qc3  0-1

[Event "RUS-Cup1 Chigorin mem"]
[Site "St Petersburg"]
[Date "1996.??.??"]
[Round "5"]
[White "Raaste, Eero J"]
[Black "Yemelin, Vasily"]
[Result "0-1"]
[WhiteElo "2360"]
[BlackElo "2460"]

1.e4 e5 2.Nf3 Nc6 3.Bb5 a6 4.Ba4 Nf6 5.O-O Be7 6.Re1 b5 7.Bb3 d6 8.c3 O-O
9.h3 Nb8 10.d4 Nbd7 11.Nbd2 Bb7 12.Bc2 Re8 13.Nf1 Bf8 14.Ng3 g6 15.a4 Bg7
16.b3 c6 17.Ba3 Qc7 18.dxe5 dxe5 19.Qd2 c5 20.Qe3 Bf8 21.Bb2 Bc6 22.axb5 axb5
23.Rxa8 Rxa8 24.Bb1 c4 25.b4 Qa7 26.Qd2 Qb7 27.Bc1 Ra1 28.Bb2 Ra6 29.Bc1 Ne8
30.Nh2 h5 31.Nf3 Ng7 32.Kh2 Ne6 33.Nf1 Ra1 34.Bb2 Ra7 35.g3 Qa8 36.Qe3 Be7
37.N1d2 Bd8 38.Kg1 Bb6 39.Qe2 Kg7 40.Nh4 Qd8 41.Ng2 Ng5 42.Kh2 Nf6 43.Nf3 Nfxe4
44.Bxe4 Nxe4 45.Nxe5 Ba8 46.f3 Re7 47.Nxg6 fxg6 48.fxe4 Rxe4 49.Qc2 Rxe1
50.Nxe1 h4 51.Bc1 Qd5 52.Ng2 hxg3+  0-1

[Event "Petrov mem"]
[Site "St Petersburg"]
[Date "1996.??.??"]
[Round "9"]
[White "Korneev, Oleg"]
[Black "Sulskis, Sarunas"]
[Result "1-0"]
[WhiteElo "2590"]
[BlackElo "2505"]

1.e4 e5 2.Nf3 Nc6 3.Bb5 a6 4.Ba4 Nf6 5.O-O Be7 6.Re1 b5 7.Bb3 d6 8.c3 O-O
9.h3 Nb8 10.d4 Nbd7 11.Nbd2 Bb7 12.Bc2 Re8 13.a4 Bf8 14.Bd3 c6 15.b3 Qc7
16.Bb2 Rac8 17.Qc2 Qb8 18.Rad1 g6 19.Qb1 Nh5 20.Bf1 Bg7 21.g3 Ba8 22.axb5 axb5
23.dxe5 dxe5 24.c4 Bf8 25.Qd3 Nc5 26.Qe2 b4 27.Nh2 Rcd8 28.Ndf3 f6 29.Qc2 Rxd1
30.Rxd1 Rd8 31.Ng4 Rxd1 32.Qxd1 Qd6 33.Qc2 Bb7 34.Bc1 Bc8 35.Kg2 Be6 36.Bd2 Qb8
37.Be2 Nd7 38.Ne1 Nc5 39.Nh6+ Kh8 40.Bg4 Nf4+ 41.gxf4 Bxh6 42.Be3 Bxg4 43.hxg4 Nd7
44.Qd3 exf4 45.Qxd7 fxe3 46.Qxc6 Qd8 47.Qd5 Qc8 48.f3 Qa6 49.e5 Qa2+ 50.Kh3 Qd2
51.exf6 Qxd5 52.cxd5 Bg5 53.Kg3 Bxf6 54.Nc2 e2 55.Kf2 Kg7 56.Kxe2 Be7 57.Ne3 Kf6
58.f4 h5 59.Kf3 Bc5 60.Nc4 h4 61.g5+  1-0

[Event "CRO-chT"]
[Site "Tucepi"]
[Date "1996.??.??"]
[Round "?"]
[White "Radocaj, Radmila"]
[Black "Krivec, Jana"]
[Result "0-1"]
[WhiteElo "2095"]
[BlackElo "2080"]

1.e4 e5 2.Nf3 Nc6 3.Bb5 a6 4.Ba4 Nf6 5.O-O Be7 6.Re1 b5 7.Bb3 d6 8.c3 O-O
9.h3 Nb8 10.d4 Nbd7 11.Nbd2 Bb7 12.Bc2 Re8 13.Nf1 Bf8 14.Ng3 g6 15.b3 Bg7
16.Bb2 c5 17.d5 Rf8 18.Qe2 Nb6 19.a4 bxa4 20.bxa4 a5 21.Bd3 Qc7 22.Bb5 Nfd7
23.c4 h6 24.Nd2 Ba6 25.Bxa6 Rxa6 26.Bc3 Nf6 27.Reb1 Nbd7 28.Rb5 h5 29.Rab1 Rfa8
30.Rb7 Qd8 31.R7b5 h4 32.Ngf1 Nh5 33.g3 Bh6 34.Kh2 Bxd2 35.Bxd2 hxg3+ 36.fxg3 Ng7
37.h4 f5 38.Bg5 Qf8 39.Nd2 Nf6 40.Rf1 Ng4+ 41.Kg2 Qc8 42.Nf3 Nh5 43.Nh2 Nxh2
44.Kxh2 Ng7 45.Bh6 R6a7 46.Rb6 Qd8 47.Rfb1 f4 48.Bxg7 fxg3+ 49.Kxg3 Rxg7
50.Qg4 Qf8 51.Rb7 Kh7 52.Rxg7+ Qxg7 53.Rb6 Rd8 54.Qe6 Qc7 55.Rc6 Qb7 56.Kg4 Rg8
57.Qxd6 Qb2 58.Kg5 Qd2+ 59.Kf6 Qf2+ 60.Kxe5 Re8+ 61.Qe6 Qg3+ 62.Kf6 Qf4+  0-1

[Event "JUG-chT"]
[Site "Vrnjacka Banja"]
[Date "1996.??.??"]
[Round "?"]
[White "Solozhenkin, Evgeniy"]
[Black "Notkin, Maksim"]
[Result "1/2-1/2"]
[WhiteElo "2510"]
[BlackElo "2515"]

1.e4 e5 2.Nf3 Nc6 3.Bb5 a6 4.Ba4 Nf6 5.O-O Be7 6.Re1 b5 7.Bb3 d6 8.c3 O-O
9.h3 Nb8 10.d4 Nbd7 11.Nbd2 Bb7 12.Bc2 Re8 13.a4 Bf8 14.Bd3 d5 15.exd5 exd4
16.Rxe8 Qxe8 17.Nxd4 Bxd5 18.axb5 axb5 19.Rxa8 Qxa8 20.Bf1 b4 21.Nb5 bxc3
22.bxc3 Qb8 23.c4 Ba8 24.Nf3 c6 25.Nbd4 c5 26.Nb5 Ne5 27.Ne1 Ng6 28.Bb2 Ne4
29.Qd7 Nxf2 30.Qc7 Qxc7 31.Nxc7 Nd1 32.Ba3 Bc6 33.Nd3 Ne3 34.Bxc5 Bxc5 35.Nxc5 Nf4
36.Nd5 Nfxd5 37.cxd5 Bxd5 38.Kf2 Nxf1 39.Kxf1 Kf8 40.Na4 Ke7 41.Nc3 Ke6 42.Kf2 Ke5
43.Nd1 g5 44.Ne3 Be6 45.Nf1 h5 46.Ng3 h4 47.Nf1 f6 48.Ne3 Ke4 49.Nf1 Bc8
50.Nd2+ Kf4 51.Nf1 Bd7 52.Ne3 Bc6 53.Nf1 f5 54.Ne3 g4 55.hxg4 fxg4 56.Nf1 h3
57.gxh3 gxh3 58.Nh2 Bg2 59.Nf1  1/2-1/2